000 02260nam0a2200409 4500
001 RU\NLR\BIBL_A\010954286
005 20260408205237.0
010 _a978-5-9967-0746-1
_9500
021 _aRU
_b2015-96850
_96181
035 _a(NLR Aleph) 010954286
035 _a(NILC)RuMoRGB-008106411
090 _a10785962
_c10785962
100 _a20160120d2015 k y0rusy50 ca
101 0 _arus
102 _aRU
105 _aa z 000yy
200 1 _aОбразование и комплексная переработка природно-техногенных вод при эксплуатации медно-цинковоколчеданных месторождений
_eмонография
_fН. Н. Орехова, И. В. Шадрунова
_gМ-во образования и науки Российской Федерации, Федеральное гос. бюджетное образовательное учреждение высш. проф. образования "Магнитогорский гос. технический ун-т им. Г. И. Носова"
210 _aМагнитогорск
_cМагнитогорский государственный технический университет
_d2015
215 _a185 с., [1] л. ил.
_cил.
_d21
320 _aБиблиогр.: с. 162-185 (302 назв.)
606 1 _aТехногенные воды минерализованные
_92126641
_3RU\NLR\AUTH\661283563
606 1 _aЦветные металлы
_xИзвлечение из сточных вод
_91701017
_3RU\NLR\AUTH\661055212
606 _aОтвалы (горн.)
_xСточные воды
_xОчистка
_3RU\NLR\AUTH\661599162
_92149140
610 0 _aизвлечение меди и цинка из техногенных вод
610 0 _aгидроминеральное сырье
675 _a622.7
686 1 _aК339.5
686 1 _aИ419,332-43
686 1 _aИ168.8-43
700 1 _aОрехова
_bН. Н.
_gНаталья Николаевна
701 1 _aШадрунова
_bИ. В.
_gИрина Владимировна
801 0 _aRU
_bРГБ
_c20151228
_gRCR
942 _cBOOK
980 _aNBR
980 _aNB